000 01746nam1a2200325 i 4500
001 RU\NLR\bibl\998910
005 20260407062856.0
035 _a(NLR Aleph) 000986649
090 _a492841
_c492841
100 _a20061019g20059999u y0rusy50 ca
101 0 _arus
102 _aRU
105 _ay |||||||||
200 1 _aЗдравоохранение Татарстана: связь науки с практикой
_eбиблиографический указатель трудов работников здравоохранения Республики Татарстан (1990-2004 гг.)
_fМ-во здравоохранения Респ. Татарстан, Респ. мед. библ.-информ. центр
_g[сост.: д.п.н. Ю.Н. Дрешер, Т.В. Шошева]
210 _aКазань
_cМедицина
_d2005
215 _d25
300 _a85 лет Республики Татарстан
463 0 _1001971532
463 0 _1001971274
606 1 _aЗдравоохранение
_jБиблиография
_yТатарстан, Республика
_92070071
_3RU\NLR\auth\661244787
606 1 _aМедицина
_xБиблиография
_91527225
_3RU\NLR\auth\66664649
686 _aР11(2Р-6Т)я1
686 _aР.я1
702 1 _4220
_8rus
_7ca
_aДрешер
_bЮ. Н.
_f1953-
_gЮлия Николаевна
_3RU\NLR\AUTH\7713119
_9122820
712 0 2 _4570
_aТатарский республиканский медицинский библиотечно-информационный центр
_cКазань
_3RU\NLR\AUTH\889917964
_9332071
801 0 _aRU
_bNLR
_c20061019
_grcr
801 1 _aRU
_bNLR
_c20061019
852 _aNLR
_jС 2006-3/89
942 _cBOOK